[Event "Delegacio Lleida op"]
[Site "Mollerusa"]
[Date "2018.04.21"]
[Round "2"]
[White "Ripoll Galvez, Guerau"]
[Black "Monell Camarasa, David"]
[Result "1/2-1/2"]
[WhiteElo "1625"]
[BlackElo "2225"]
[PlyCount "128"]
[EventDate "2018.04.14"]
[EventType "swiss"]
[EventRounds "8"]
[EventCountry "ESP"]
[SourceTitle "EXT 2019"]
[Source "ChessBase"]
[SourceDate "2018.10.10"]
[SourceVersion "1"]
[SourceVersionDate "2018.10.10"]
[SourceQuality "1"]

1. e4 d5 2. exd5 Qxd5 3. Nc3 Qd8 4. Bc4 Nf6 5. Nf3 c6 6. d4 Nbd7 7. Qe2 Nb6 8. Bb3 a5 9. a4 Nbd5 10. Ne5 Qb6 11. Nxd5 cxd5 12. Be3 e6 13. 0-0 Bd6 14. Qd1 Qc7 15. Nf3 b6 16. h3 Ba6 17. Re1 Bc4 18. Bxc4 Qxc4 19. Qe2 Rc8 20. Qxc4 Rxc4 21. c3 Ke7 22. Nd2 Rc6 23. Nb1 Rb8 24. Na3 Bxa3 25. Rxa3 b5 26. axb5 Rxb5 27. Re2 Rc4 28. Bg5 a4 29. g3 h6 30. Bxf6+ Kxf6 31. Kg2 h5 32. f3 Ke7 33. Kf2 f6 34. f4 Kd6 35. Kf3 Rb8 36. Kf2 g5 37. fxg5 fxg5 38. g4 hxg4 39. hxg4 Rh8 40. Kg3 Rb8 41. Kf3 Rb3 42. Rxb3 axb3 43. Kg3 Ra4 44. Kf3 Ra1 45. Kg2 Rc1 46. Kf2 Rb1 47. Kg2 Kc6 48. Rxe6+ Kb5 49. Re2 Kc4 50. Rd2 Rxb2 51. Rxb2 Kxc3 52. Rf2 b2 53. Rf3+ Kc4 54. Rf1 Kxd4 55. Kf2 Kd3 56. Re1 d4 57. Kf3 Kd2 58. Re2+ Kc3 59. Re1 Kd3 60. Kf2 Kc2 61. Re2+ Kc1 62. Re1+ Kc2 63. Re2+ Kc3 64. Re1 Kc2 1/2-1/2

[Event "Lleida-ch U16"]
[Site "Balaguer"]
[Date "2017.02.11"]
[Round "4.2"]
[White "Estruch Andreu, Guim"]
[Black "Ripoll Galvez, Guerau"]
[Result "0-1"]
[WhiteElo "1863"]
[BlackElo "1930"]
[PlyCount "96"]
[EventDate "2017.01.14"]
[EventType "tourn"]
[EventRounds "5"]
[EventCountry "ESP"]
[SourceTitle "EXT 2024"]
[Source "ChessBase"]
[SourceDate "2023.10.10"]
[SourceVersion "1"]
[SourceVersionDate "2023.10.10"]
[SourceQuality "1"]

1. e4 e5 2. Nf3 Nc6 3. Bb5 a6 4. Ba4 Nf6 5. 0-0 Be7 6. Re1 b5 7. Bb3 0-0 8. c3 d6 9. h3 Nb8 10. d4 Nbd7 11. Nbd2 c5 12. Nf1 Re8 13. Ng3 Qc7 14. Nh4 g6 15. Bh6 Bf8 16. Bxf8 Nxf8 17. Nf3 c4 18. Bc2 Ne6 19. Ne2 Bb7 20. d5 Nc5 21. Nc1 Rec8 22. a4 Qb6 23. a5 Qc7 24. Ra3 Rcb8 25. Na2 Bc8 26. Nb4 Bd7 27. Nh2 Re8 28. Qf3 Kg7 29. Ng4 Qd8 30. Nxf6 Qxf6 31. Qxf6+ Kxf6 32. Kh2 Ke7 33. f3 Kd8 34. Kg3 Kc7 35. Kf2 Rf8 36. Ke3 f6 37. b3 cxb3 38. Bxb3 Rfc8 39. Nd3 Nxd3 40. Kxd3 Kd8 41. c4 Rc5 42. Rc1 Rac8 43. Ra2 Ke7 44. Rcc2 f5 45. cxb5 Bxb5+ 46. Ke3 Rc3+ 47. Kf2 fxe4 48. fxe4 Rf8+ 0-1

[Event "Lleida op"]
[Site "Lleida"]
[Date "2016.05.21"]
[Round "5.6"]
[White "Ripoll Galvez, Guerau"]
[Black "Degracia Burgues, Jose A"]
[Result "1/2-1/2"]
[WhiteElo "1276"]
[BlackElo "1848"]
[PlyCount "84"]
[EventDate "2016.04.23"]
[EventType "swiss"]
[EventRounds "9"]
[EventCountry "ESP"]
[SourceTitle "EXT 2024"]
[Source "ChessBase"]
[SourceDate "2023.10.10"]
[SourceVersion "1"]
[SourceVersionDate "2023.10.10"]
[SourceQuality "1"]

1. e4 c5 2. Nf3 Nc6 3. d4 cxd4 4. Nxd4 d6 5. Nc3 a6 6. Be2 Nf6 7. Be3 g6 8. f3 Bg7 9. Qd2 0-0 10. 0-0-0 Nxd4 11. Bxd4 Be6 12. g4 Qa5 13. a3 b5 14. Nd5 Qxd2+ 15. Rxd2 Nxd5 16. Bxg7 Kxg7 17. exd5 Bd7 18. h3 Rfc8 19. b3 Rc3 20. Rd3 Rc5 21. Rhd1 Rac8 22. R1d2 f5 23. Kb2 Kf6 24. Re3 e6 25. dxe6 Bxe6 26. g5+ Kf7 27. Red3 Ke7 28. f4 d5 29. Bf3 Rd8 30. Rd4 h6 31. h4 hxg5 32. hxg5 Rh8 33. Bxd5 Bxd5 34. Rxd5 Rc6 35. Re2+ Re6 36. Rxe6+ Kxe6 37. Rd4 Rh3 38. b4 Re3 39. Rd3 Re4 40. Rf3 Kd5 41. Kc3 Rc4+ 42. Kd3 Rd4+ 1/2-1/2

[Event "Lleida-ch B"]
[Site "La Guardia"]
[Date "2015.11.29"]
[Round "9.4"]
[White "Tarrago Pinyol, Robert"]
[Black "Ripoll Galvez, Guerau"]
[Result "0-1"]
[WhiteElo "1840"]
[BlackElo "1866"]
[PlyCount "108"]
[EventDate "2015.09.27"]
[EventType "swiss"]
[EventRounds "9"]
[EventCountry "ESP"]
[SourceTitle "EXT 2024"]
[Source "ChessBase"]
[SourceDate "2023.10.10"]
[SourceVersion "1"]
[SourceVersionDate "2023.10.10"]
[SourceQuality "1"]

1. e4 c6 2. d4 d5 3. Nc3 dxe4 4. Nxe4 Bf5 5. Ng3 Bg6 6. Nf3 Nd7 7. h4 h6 8. h5 Bh7 9. Bd3 Bxd3 10. Qxd3 e6 11. Bd2 Ngf6 12. 0-0 Qc7 13. Nh4 Bd6 14. f4 Nd5 15. Qf3 0-0 16. c4 N5f6 17. c5 Be7 18. Rfe1 Rad8 19. Nhf5 Nd5 20. Nxe7+ Nxe7 21. Ne4 Nf5 22. Bc3 Nb8 23. Rad1 Na6 24. g4 Ne7 25. g5 Nd5 26. Bd2 Kh8 27. Re2 b6 28. cxb6 Qxb6 29. Bc3 Nab4 30. a3 Nxc3 31. bxc3 Nd5 32. Kh1 Qb3 33. Ree1 Qxa3 34. Ra1 Qe7 35. Ra6 Qc7 36. f5 Rb8 37. Re2 Rb1+ 38. Kg2 Nf4+ 39. Kf2 Nxe2 40. Kxe2 Qh2+ 41. Kd3 exf5 42. Nd2 Qb8 43. Nxb1 Qb5+ 44. c4 Qxa6 45. gxh6 Qb6 46. hxg7+ Kxg7 47. Qg3+ Kh7 48. Nc3 Rd8 49. Qf4 Qa5 50. Qg5 Rg8 51. Qf4 Rg4 52. Qd6 Qa1 53. Qe7 Rg3+ 54. Kc2 Qxc3+ 0-1